00623nam a2200169 a 450000100100000000500170001000800410002704000250006824500830009326000360017630000270021259000250023970000260026470000410029095201050033199900170043600004648020201002052912.0150819s1992 dr a 000 spa d aDO-SdBNPbspacBNPHU 0aAlegria 01 :baprestamiento básico /cErnestina Grullón Cruz... [ et. al]. aSanto Domingo :bDisesa,c1992. a182 p. :bil ;c28 cm. aInventariado,2018/DG aRosó, Dulce,974474 aRodríguez, Argentina B., de974475 0010718PDaPDbPDcHDd2015-08-19iLF1l0o p46480-10r2020-06-25w2020-06-25yLFPDZNo se presta c45969d45969